00000000nam##2200000za#4500
0019.649249
003CaOODSP
00520210615113603
007ta
008150407|2004||||xxc|||||     f|0| 0 eng|d
020 |a0-662-36665-4
040 |aCaOODSP|beng
043 |an-cn---
0861 |aH68-27/2003E
1101 |aCanada.|bSocial Development Canada. |bNational Council of Welfare.
24510|aWelfare incomes, 2003
2463 |aNational Council of Welfare reports
260 |aOttawa - Ontario : |bSocial Development Canada. |c2004.
300 |ax, 91p. : |bfigs., tables ; |c28 cm.
500 |aVolume #121 of National Council of Welfare reports.
5203 |aThis report presents the welfare rates over the year in Canadian provinces and territories. Welfare incomes are estimated for four types of households: a single employable person; a single person with a disability; a single-parent family with a 2-year-old child; and a two-parent family with two children aged 10 and 15. The report looks at whether welfare is adequate, the gap between welfare and average incomes, changes to welfare over time, and the relationship between welfare and poverty over time.
563 |aSoftcover
590 |a04-30|b2004-07-23
69007|aWelfare|2gcpds
77508|tRevenus de bien-être social, 2003 |w(CaOODSP)9.682462